Nutrition/ (Record no. 4297)
[ view plain ]
| 000 -LEADER | |
|---|---|
| fixed length control field | 00522nam a22001697a 4500 |
| 008 - FIXED-LENGTH DATA ELEMENTS--GENERAL INFORMATION | |
| fixed length control field | 150902b xxu||||| |||| 00| 0 eng d |
| 020 ## - INTERNATIONAL STANDARD BOOK NUMBER | |
| International Standard Book Number | 0962440744 |
| 050 ## - LIBRARY OF CONGRESS CALL NUMBER | |
| Classification number | TX 354 .H44 1995 |
| 100 ## - MAIN ENTRY--PERSONAL NAME | |
| Personal name | Hegarty, Vincent |
| 245 ## - TITLE STATEMENT | |
| Title | Nutrition/ |
| Statement of responsibility, etc. | Vincent Hegarty. |
| 260 ## - PUBLICATION, DISTRIBUTION, ETC. (IMPRINT) | |
| Place of publication, distribution, etc. | St. Paul, Minn. : |
| Name of publisher, distributor, etc. | Eagan Press, |
| Date of publication, distribution, etc. | ©1995. |
| 300 ## - PHYSICAL DESCRIPTION | |
| Extent | xxx,113p. : |
| Other physical details | ill(col). ; |
| Dimensions | 26cm. |
| 500 ## - GENERAL NOTE | |
| General note | include index. |
| 650 ## - SUBJECT ADDED ENTRY--TOPICAL TERM | |
| Topical term or geographic name as entry element | Nutrition. |
| 650 ## - SUBJECT ADDED ENTRY--TOPICAL TERM | |
| Topical term or geographic name as entry element | Food. |
| 650 ## - SUBJECT ADDED ENTRY--TOPICAL TERM | |
| Topical term or geographic name as entry element | Aliments. |
| 942 ## - ADDED ENTRY ELEMENTS (KOHA) | |
| Source of classification or shelving scheme | |
| Koha item type | Hard Covered Materials |
| Classification part | TX 354 .H44 1995 |
| Koha issues (borrowed), all copies | 1 |
| Withdrawn status | Lost status | Source of classification or shelving scheme | Damaged status | Not for loan | Home library | Current library | Shelving location | Date acquired | Source of acquisition | Total Checkouts | Full call number | Barcode | Date last seen | Date last checked out | Price effective from | Koha item type |
|---|---|---|---|---|---|---|---|---|---|---|---|---|---|---|---|---|
| MACHAKOS UNIVERSITY LIBRARY | MACHAKOS UNIVERSITY LIBRARY | Open shelf | 02/09/2015 | Donation (B.F.A.) | 2 | QP141 .H44 1995 | 7865 | 26/02/2019 | 30/05/2016 | 02/09/2015 | Hard Covered Materials | |||||
| MACHAKOS UNIVERSITY LIBRARY | MACHAKOS UNIVERSITY LIBRARY | Open shelf | 02/09/2015 | Donation (BFA) | QP141 .H44 1995 | 10374 | 06/02/2019 | 02/09/2015 | Hard Covered Materials | |||||||
| MACHAKOS UNIVERSITY LIBRARY | MACHAKOS UNIVERSITY LIBRARY | Open shelf | 02/09/2015 | Donation (BFA) | TX 354 .H44 1995 | 10361 | 26/02/2019 | 02/09/2015 | Hard Covered Materials | |||||||
| MACHAKOS UNIVERSITY LIBRARY | MACHAKOS UNIVERSITY LIBRARY | Open shelf | 02/09/2015 | Donation (BFA) | QP141 .H44 1995 | 10375 | 06/02/2019 | 02/09/2015 | Hard Covered Materials | |||||||
| MACHAKOS UNIVERSITY LIBRARY | MACHAKOS UNIVERSITY LIBRARY | Open shelf | 02/09/2015 | Donation (B.F.A.) | QP141 .H44 1995 | 10330 | 06/02/2019 | 02/09/2015 | Hard Covered Materials | |||||||
| MACHAKOS UNIVERSITY LIBRARY | MACHAKOS UNIVERSITY LIBRARY | Open shelf | 02/09/2015 | Donation (BFA) | TX 354 .H44 1995 | 7603 | 26/02/2019 | 02/09/2015 | Hard Covered Materials | |||||||
| MACHAKOS UNIVERSITY LIBRARY | MACHAKOS UNIVERSITY LIBRARY | Open shelf | 02/09/2015 | Donation (BFA) | 1 | TX 354 .H44 1995 | 7643 | 04/06/2019 | 20/05/2019 | 02/09/2015 | Hard Covered Materials |